Biblioteca

Sabiduría (Registro nro. 64925)

Detalles MARC
000 -LÍDER
Campo fijo de descripción fija 01065nam a22003257a 4500
001 - NÚMERO DE CONTROL
Campo de control 768714001
003 - IDENTIFICADOR DEL NÚMERO DE CONTROL
Campo de control CO-MdFUSB
005 - FECHA Y HORA DE LA ULTIMA TRANSACCIÓN
control field 20260413095734.0
008 - ELEMENTOS DE LONGITUD FIJA -- INFORMACIÓN GENERAL
Campo fijo de descripción fija -- Información general 190404t1990 sp |||| |||| 00| 0 spa d
020 ## - NÚMERO INTERNACIONAL NORMALIZADO PARA LIBROS
Número Internacional Normalizado del libro 8471516651
040 ## - FUENTE DE CATALOGACIÓN
Agencia de catalogación original CO-MdFUSB
Idioma de catalogación spa
Agencia que realiza la transcripción CO-MdFUSB
Agencia que realiza la modificación CO-MdFUSBC
Convenciones de la descripción rda
041 ## - CÓDIGO DE IDIOMA
Código de idioma para texto/pista de sonido o título separado spa
082 ## - NÚMERO DE CLASIFICACIÓN DECIMAL DEWEY
Número de la edición del Dewey 22
Número de clasificación 229
Clave de autor-Numero de item V699
100 ## - ASIENTO PRINCIPAL--NOMBRE PERSONAL
Nombre personal Vilchez, José
Término relacionador autor.
245 ## - TÍTULO
Título del Material Sabiduría
Mención de responsabilidad, etc. / José Vilchez
264 #1 - PRODUCCIÓN, PUBLICACIÓN, DISTRIBUCIÓN, MANUFACTURA, Y COPYRIGHT
Lugar de producción, publicación, distribución, manufactura España :
Nombre del productor, publicador, distribuidor Verbo Divino,
Fecha de producción, publicación, distribución, manufactura, o copyright [1990]
264 #4 - PRODUCCIÓN, PUBLICACIÓN, DISTRIBUCIÓN, MANUFACTURA, Y COPYRIGHT
Fecha de producción, publicación, distribución, manufactura, o copyright © 1990
300 ## - DESCRIPCIÓN FÍSICA
Extensión 569 Páginas
Dimensiones 24 cm;
336 ## - TIPO DE CONTENIDO
Fuente rdacontent
Término de tipo de contenido texto
Código de tipo de contenido txt
337 ## - TIPO DE MEDIO
Fuente rdamedia
Nombre del tipo de medio sin mediación
Código del tipo de medio n
338 ## - TIPO DE SOPORTE
Fuente rdacarrier
Nombre del tipo de soporte volumen
Código Tipo de soporte nb
490 ## - MENCIÓN DE SERIE
Mención de serie Nueva Biblia Española
504 ## - NOTA DE BIBLIOGRAFÍA, ETC.
Nota de bibliografía, etc Incluye bibliografía ( Páginas 115-125)
505 ## - NOTA DE CONTENIDO
Información miscelánea PRIMERA PARTE:
Título Vida humana y juicio escatológico.
Información miscelánea SEGUNDA PARTE:
Título Encomio de la Sabiduría.
Información miscelánea TERCERA PARTE:
Título La justicia de Dios se revela en la historia.
563 ## - NOTA DE ENCUADERNACIÓN
Nota de encuadernación Rústico
630 #0 - TITULO UNIFORME
Título uniforme Biblia.
Nombre de parte o sección de la obra Sabiduría.
Subdivisión de materia general Apócrifos.
650 #7 - ASIENTO SECUNDARIO DE MATERIA - TERMINO TEMÁTICO
9 (RLIN) 527
Término temático o nombre geográfico como elemento de entrada Crítica literaria
942 ## - TIPO DE MATERIAL (KOHA)
Tipo de Item KOHA Libros General
945 ## - INFORMACIÓN LOCAL DEL REGISTRO
Catalogador JTF-925
Existencias
Estado de Material Estado de Perdido Forma de Clasificación Estado de Dañado No para Préstamo Colección Biblioteca de Origen Biblioteca Permanente Fecha de Adquisición Forma de Adquisición Total de Préstamos Signatura Topográfica Código de Barras Última vez visto Ejemplar/Existencia Fecha de Remplazo Tipo de Material
    Dewey Decimal Classification     Colección General Biblioteca FUSBC Biblioteca FUSBC 04/04/2019 Compra   G 229.912 V699s 522 12/12/2019 Ej. 1 04/04/2019 Libros General

Biblioteca FUSBC | Teléfono: (57+4) 349 88 10 Ext. 141| WhatsApp (+57) 3005338115 
E-mail: biblioteca@unisbc.edu.co | Calle 76 87-14 Robledo Palenque, Medellín, Colombia

Con tecnología Koha